El ladrón de sombras / (Registro nro. 12585)
[ vista simple ]
| 000 -LIDER | |
|---|---|
| fixed length control field | 00657nam a22002177a 4500 |
| 003 - IDENTIFICACDOR DE NÚMERO DE CONTROL | |
| control field | DO-SdBNP |
| 005 - DATE AND TIME OF LATEST TRANSACTION | |
| control field | 20170714084435.0 |
| 008 - ELEMENTOS DE LONGITUD FIJA | |
| fixed length control field | 170714b1990 sp | 00| 0 spa d |
| 020 ## - ISBN | |
| International Standard Book Number | 8434832119 |
| 040 ## - FUENTE DE CATALOGACIÓN | |
| Agencia que crea de manera original el registro | BPMSU |
| Idioma de catalogación | spa |
| Agencia que realiza la transcripción | BPMSU |
| 082 ## - NÚMERO DE CLASIFICACIÓN DECIMAL DE DEWEY | |
| Classification number | 863.6 |
| Item number | C392l |
| 100 ## - ASIENTO PRINCIPAL -- NOMBRE PERSONAL | |
| Nombre personal | Cela, Jaume, |
| Fechas asociadas con el nombre | 1949- |
| 245 ## - MENCIÓN DE TITULO | |
| Título | El ladrón de sombras / |
| Mención de responsabilidad | Jaume Cela ; traducción del catalán Rosa Huguet ; ilustraciones de Lluisot. |
| 260 ## - PUBLICACIÓN, DISTRIBUCIÓN, ETC. (PIE DE IMPRENTA) | |
| Lugar de publicación, distribución, etc | Madrid : |
| Nombre del editor, distribuidor, etc. | Ediciones S.M., |
| Fecha de publicación, distribución, etc | 1990 |
| 300 ## - DESCRIPCIÓN FÍSICA | |
| Extensión | 121 p. : |
| Otros detalles físicos | il. ; |
| Dimensiones | 18 cm |
| 490 ## - MENCIÓN DE SERIES | |
| Mención de serie | Catamarán |
| 650 ## - ENCABEZAMIENTO DE MATERIA--TEMÁTICO | |
| Término temático o nombre geográfico como elemento de entrada | NOVELA INFANTIL ESPAÑOLA |
| 830 ## - ASIENTO SECUNDARIO DE SERIE--TÍTULO UNIFORME | |
| Título uniforme | Catamarán |
| 942 ## - ADDED ENTRY ELEMENTS (KOHA) | |
| Source of classification or shelving scheme | Dewey Decimal Classification |
| Koha item type | Libros |
| 956 ## - LOCAL ELECTRONIC LOCATION AND ACCESS (OCLC) | |
| Nombre de host | VMATEO |
| Número de acceso | 10 |
| Información de compresión | 20170714 |
| Trayectoria | BPMSU |
| Nombre Electrónico | 0069 |
| Withdrawn status | Lost status | Source of classification or shelving scheme | Damaged status | Not for loan | Collection code | Home library | Current library | Date acquired | Total Checkouts | Full call number | Barcode | Date last seen | Price effective from | Koha item type |
|---|---|---|---|---|---|---|---|---|---|---|---|---|---|---|
| Dewey Decimal Classification | Colección Infantil General | Biblioteca Pública Metropolitana Salomé Ureña | Biblioteca Pública Metropolitana Salomé Ureña | 07/14/2017 | 863.6 C392l | BPMET17070016 | 07/14/2017 | 07/14/2017 | Libros |